LEADER 00994cam0 22003011 450 001 SOBE00060827 005 20181112135902.0 010 $a9788842816553 100 $a20181112d2010 |||||ita|0103 ba 101 $aita 102 $aIT 200 1 $aOpere narrative$fJean Genet$ga cura di Dario Gibelli e Massimo Fumagalli 210 $aMilano$cIl Saggiarore$d2010 215 $a1302 p.$d21 cm 225 2 $aOpere e libri 410 1$1001LAEC00017661$12001 $a*Opere e libri 700 1$aGenet$b, Jean$3AF00013180$4070$0193162 702 1$aGibelli, Dario$3SOBA00013171$4070 702 1$aFumagalli, Massimo$3SOBA00018057$4070 801 0$aIT$bUNISOB$c20181112$gRICA 850 $aUNISOB 852 $aUNISOB$j840$m170203 912 $aSOBE00060827 940 $aM 102 Monografia moderna SBN 941 $aM 957 $a840$b001698$gSI$d170203$n20181108$racquisto$1bethb$2UNISOB$3UNISOB$420181112135832.0$520181112135902.0$6bethb 996 $aOpere narrative$91728111 997 $aUNISOB LEADER 02970nam0 2200541 i 450 001 VAN00127152 005 20240806100823.421 017 70$2N$a9783030315511 100 $a20200226d2019 |0itac50 ba 101 $aeng 102 $aCH 105 $a|||| ||||| 200 1 $aSelected Contributions on Statistics and Data Science in Latin America$e33 FNE and 13 CLATSE, 2018, Guadalajara, Mexico, October 1?5$fIsadora Antoniano-Villalobos ?$bet al.] editors 210 $aCham$cSpringer$d2019 215 $aviii, 154 p.$cill.$d24 cm 410 1$1001VAN00102574$12001 $aSpringer proceedings in mathematics & statistics$1210 $aBerlin [etc.]$cSpringer$d2012-$v301 500 1$3VAN00236989$aSelected Contributions on Statistics and Data Science in Latin America$91733525 606 $a34Kxx$xFunctional-differential equations [MSC 2020]$3VANC026761$2MF 606 $a60Jxx$xMarkov processes [MSC 2020]$3VANC019842$2MF 606 $a62Dxx$xStatistical sampling theory and related topics [MSC 2020]$3VANC026446$2MF 606 $a62F15$xBayesian inference [MSC 2020]$3VANC024528$2MF 606 $a62Gxx$xNonparametric inference [MSC 2020]$3VANC024592$2MF 606 $a62Hxx$xMultivariate analysis [MSC 2020]$3VANC026440$2MF 606 $a62Jxx$xLinear inference, regression [MSC 2020]$3VANC028385$2MF 606 $a62Mxx$xInference from stochastic processes [MSC 2020]$3VANC020002$2MF 606 $a62P10$xApplications of statistics to biology and medical sciences; meta analysis [MSC 2020]$3VANC024649$2MF 606 $a65C40$xNumerical analysis or methods applied to Markov chains [MSC 2020]$3VANC025242$2MF 606 $a90C90$xApplications of mathematical programming [MSC 2020]$3VANC019710$2MF 606 $a92D30$xEpidemiology [MSC 2020]$3VANC028389$2MF 610 $aBayesian Computing$9KW:K 610 $aBayesian Inference for Big Data$9KW:K 610 $aBayesian Nonparametric Methods$9KW:K 610 $aComputational Methods for Bayesian Inference$9KW:K 610 $aEnvironmental Statistics$9KW:K 610 $aSpatial Statistics$9KW:K 610 $aVariational Bayesian Inference$9KW:K 620 $aCH$dCham$3VANL001889 702 1$aAntoniano-Villalobos$bIsadora$3VANV098594 712 12$aForo Nacional de Estadística$d33.$f2018$eGuadalajara, Mexico$3VANV098595 712 $aSpringer $3VANV108073$4650 801 $aIT$bSOL$c20241115$gRICA 856 4 $uhttp://doi.org/10.1007/978-3-030-31551-1$zE-book ? Accesso al full-text attraverso riconoscimento IP di Ateneo, proxy e/o Shibboleth 899 $aBIBLIOTECA DEL DIPARTIMENTO DI MATEMATICA E FISICA$1IT-CE0120$2VAN08 912 $fN 912 $aVAN00127152 950 $aBIBLIOTECA DEL DIPARTIMENTO DI MATEMATICA E FISICA$d08DLOAD e-book 1741 $e08eMF1741 20200226 996 $aSelected Contributions on Statistics and Data Science in Latin America$91733525 997 $aUNICAMPANIA